Statistiques concernant Prénom comme nom de famille comme prénom

Cliquez ici pour prendre le quiz!

Statistiques générales

  • Ce quiz a été pris 449 fois
  • Le résultat moyen est 12 sur 18

Statistiques - réponses

Prénom?Nom?Nom de famille% Correct
PaulNicolasSarkozy
94%
Jean-LucMarionCotillard
93%
OlivierAlainDelon
92%
AnneFrankSinatra
91%
NinaSimonede Beauvoir
90%
ThérèseAlbertEinstein
87%
RayCharlesBaudelaire
85%
WoodyAllenGinsberg
80%
VictorHugoChavez
78%
GabrielMarcelProust
74%
RalphLaurenBacall
69%
LesPaulGauguin
69%
Sir EdmundHillaryClinton
68%
BenjaminAndréGide
54%
AnoukAiméeAntoinette Camus
34%
Nat KingColePorter
30%
ThierryHenryDuhamel
29%
LaurenceOlivierMartinez
17%

Distribution des résultats

Percentile par nombre de réponses

% des personnes avec chaque résultat

Votre développement - résultats

Vous n’avez pas pris ce quiz